[Calendario de Rodríguez] /

Compilación de doce calendarios anuales publicados por la Tipografía Rodríguez en donde muestran los días que deben ser celebrados ese año, principalmente por la Iglesia católica en México aunque también según el calendario político nacional.

-д хадгалсан:
Номзүйн дэлгэрэнгүй
Формат: Ном
Хэл сонгох:испани
Нөхцлүүд:
Шошгууд: Шошго нэмэх
Шошго байхгүй, Энэхүү баримтыг шошголох эхний хүн болох!

MARC

LEADER 00000nam^a2200000^a^4500
001 000136673
005 20250526000000.0
009 20260310095326.412
037 |a Acervo ITESO - Biblioteca 
041 |a ESP 
082 |a 263. 9  |b CAL 1881-1893 
245 0 1 |a [Calendario de Rodríguez] / 
264 |a Guadalajara, México :  |b Tipografía de Dionisio Rodríguez,  |c 1880-1892 
300 |a 1 v. (varias paginaciones) ;  |c 16.5 cm. 
501 |a Encuadernación particular 
520 |a Compilación de doce calendarios anuales publicados por la Tipografía Rodríguez en donde muestran los días que deben ser celebrados ese año, principalmente por la Iglesia católica en México aunque también según el calendario político nacional. 
649 |a XX 
650 |a Calendario Eclesiástico -  |z México 
650 |a Fiestas Religiosas -  |z México 
650 |a Fiestas Cívicas -  |z México 
650 |a Año Cristiano -  |z México 
650 |a Iglesia Católica en Guadalajara, Jalisco 
650 |a Iglesia Católica en Jalisco 
650 |a Iglesia Católica en México 
650 |a Catolicismo 
650 |a Cristianismo 
650 |a Religión 
650 |a México -  |x Historia -  |y Porfirismo, 1876-1911 
650 |a México -  |x Historia -  |y Siglo XIX 
910 |a Fondo Salvador Reynoso Reynoso 
920 |a Impresos - Libros 
930 |a Libros Antiguos y Raros 
905 |a 108 
901 |a 0800014798  |b IT2  |c LRA  |u 20250526 
902 |a https://opac.biblio.iteso.mx/vufind/Record/000136673